| 000 | 01704nam a2200349 u 4500 | ||
|---|---|---|---|
| 001 | 000003260 | ||
| 003 | DO-SdBNP | ||
| 005 | 20220401141637.0 | ||
| 007 | ta | ||
| 008 | 090707s2006 dr ac 000 0 spa d | ||
| 020 | _a9945433016 | ||
| 040 |
_aDO-SdBNP _bspa _cBNPHU |
||
| 041 | 1 | 7 |
_aspa _2eng |
| 082 | 4 |
_a327.7293 _bR426p _222 |
|
| 110 | 1 |
_aRepública Dominicana. _bPresidencia de la República. Dirección de Información, Prensa y Publicidad de la Presidencia _910269 |
|
| 245 | 1 | 0 |
_aVisita oficial al Reino Unido de Gran Bretaña e Irlanda del Norte del Dr. Leonel Fernández Reyna = _bOfficial visit or Dr. Leonel Fernández Reyna president of the Domninican Republic to the United Kingdom and Northern / |
| 246 | 1 | _aOfficial visit or Dr. Leonel Fernández Reyna president of the Domninican Republic to the United Kingdom and Northern | |
| 246 | 1 | 4 |
_aLa búsqueda del progreso : _bVisita presidencial al Reino Unido de Gran Bretaña e Irlanda del Norte |
| 260 |
_aSanto Domingo : _bDirección de Información, Prensa y Publicidad de la Presidencia, _c2006. |
||
| 300 |
_a39 p. : _bil., retrs. ; _c24 cm. |
||
| 500 | _aTexto en español e inglés. | ||
| 500 | _aTexto a dos columnas. | ||
| 500 | _aGobierno constitucional 2004 - 2008. | ||
| 590 | _aInventariado, 2018/BT | ||
| 600 | 1 | 0 |
_aFernandez, Leonel, _xVisitas de estado _zGran Bretaña _910270 |
| 600 | 1 | 4 |
_aFERNANDEZ REYNA, LEONEL ANTONIO _xVISITAS DE ESTADO _zIRLANDA DEL NORTE _910271 |
| 650 | 4 |
_aRepública dominicana _xRelaciones exteriores _910272 |
|
| 700 |
_aMedina, Manolo _eFotografías _981401 |
||
| 700 |
_aMartínez, Pedro Ängel _eTextos _981402 |
||
| 910 | _aValidado. Control de calidad. MFF | ||
| 942 |
_2ddc _cLBS1 |
||
| 999 |
_c3091 _d3091 |
||